000 00297nam a2200145Ia 4500
100 _aResnick/R/ Halliday
250 _a19
942 _cBK
654 _aPhysics
245 _aPhysics I
260 _bWILEY EASTERN LIMITED
_aNew Delhi
_c1985
300 _a646
546 _aENGLISH
999 _c31064
_d31064